000 00502nam a2200193 a 4500
001 7081
003 CO-ViMGA
008 141112s2004 ck r 000 u spa d
020 _a9589061893
040 _aCO-ViMGA
_bspa
_cCO-ViMGA
082 0 4 _a333.7 L176
100 1 _aLatorre Estrada, Emilio
_96166
245 1 0 _aEmpresa y medio ambiente en colombia
260 _aSantafé de Bogotá :
_bFescol,
_c1996
300 _a282 p
490 _aEcológica, 12
650 1 4 _aMEDIO AMBIENTE
942 _2ddc
_cBK
999 _c19046
_d19046